| 000 | 01531cab a2200205 4500 | ||
|---|---|---|---|
| 001 | L129239 | ||
| 008 | 050404n2005 000 0 eng u | ||
| 035 | _a(Sirsi) u129239 | ||
| 041 | _aeng | ||
| 100 | _aMadeira, Natasha | ||
| 245 | _aCracking the code | ||
| 260 | _c2005 | ||
| 490 |
_aWastes Management _vMarch 2005, 46-47(2) |
||
| 520 | _aFocuses on the "Code of practice: resource sustainable communities" (RSC), an Institution of Civil Engineers and Biffaward project developed by EnviroCentre and others, designed to guide local authorities and development teams through the steps that should be considered when designing a waste management infrastructure for communities. RSC complements and supports the government "Code for sustainable buildings", which will be developed for 2006. RSC consists of: an operational document providing a guide to the roles of those involved with the development and setting out 12 targets; and a main document offering information on the mechanisms for developing sustainable waste management infrastructure; planning and design considerations of the process; waste management technologies; and a model of a community development following the RSC process. Figures cover RSC design considerations, a RSC action flow and the12 targets. | ||
| 590 | _aIKA150405 | ||
| 690 | _aENVIRONMENTAL AND LAND CONSULTANCY-WASTE MANAGEMENT | ||
| 700 | _aMenzies, Brian | ||
| 856 |
_uhttps://www.envirocentre.co.uk _zView the RSC documents free of charge at www.envirocentre.co.uk... |
||
| 942 | _n0 | ||
| 999 |
_c75012 _d75012 |
||